Lists of approved anchors

Αποθηκεύτηκε σε:
Λεπτομέρειες βιβλιογραφικής εγγραφής
Συγγραφή απο Οργανισμό/Αρχή: Lloyd's Register of Shipping
Μορφή: Βιβλίο
Γλώσσα:English
Δημοσίευση: London : Lloyd's Register of Shipping, 1994
Θέματα:
Ετικέτες: Προσθήκη ετικέτας
Δεν υπάρχουν, Καταχωρήστε ετικέτα πρώτοι!

MARC

LEADER 00000nam a2200000 i 4500
001 1/67212
008 990120s1994 eng d
035 |l 10047437 
040 |a GR-MY-UA  |b gre  |e aacr 
041 0 |a eng 
082 0 |a 623.862 
110 2 |a Lloyd's Register of Shipping. 
245 1 0 |a Lists of approved anchors /  |c Lloyd's Register of Shipping 
260 |a London :   |b Lloyd's Register of Shipping,   |c 1994 
300 |a xv, 26 p. (in various paging) 
500 |a 1994 
650 0 0 |a Anchors. 
852 |a INST  |b CHIOS  |e 19990120  |h 623.862 LIS  |p 005200015059  |q 005200015059  |t BK  |y 0 
901 |a BIBL-1999-1 
909 |a Χ  |b 062630 
922 |a 2ΕΛΗ  |b 199812  |c ΤΝΕΥ  |d ΠΑΠΑΣΩΤΗΡΙΟΥ